000 00752nam a2200253Ia 4500
003 OSt
005 20220918171209.0
006 a|||||r|||| 00| 0
007 ta
008 220917b |||||||| |||| 00| 0 eng d
020 _a9781405832595 (pbk)
_c883.12
024 _a237,587
037 _b2525, 29/01/2009, Alllied Publisher's Pvt. Ltd.
_cTextual
040 _aARTS
_cARTS
_beng
041 _2eng
_aeng
082 _aO111:gN, P8
100 _aWalz Robin
_934689
245 0 _aModernism
260 _aHarlow
_bPearson Longman India
_c2008
300 _ax,194p.
_ccm.
650 _aENGLISH LITERATURE
942 _hO111:gN, P8
_cTEXL
_2CC
999 _c138270
_d138270